<?xml version="1.0" encoding="UTF-8"?>
<record
    xmlns:xsi="http://www.w3.org/2001/XMLSchema-instance"
    xsi:schemaLocation="http://www.loc.gov/MARC21/slim http://www.loc.gov/standards/marcxml/schema/MARC21slim.xsd"
    xmlns="http://www.loc.gov/MARC21/slim">

  <leader>00883nam2a22002531  4500</leader>
  <controlfield tag="001">rc\69478</controlfield>
  <controlfield tag="005">20250620200424.0</controlfield>
  <datafield tag="010" ind1=" " ind2=" ">
    <subfield code="a">5-88215-027-5</subfield>
    <subfield code="9">50000</subfield>
  </datafield>
  <datafield tag="035" ind1=" " ind2=" ">
    <subfield code="a">(NLR Aleph) 005400428</subfield>
  </datafield>
  <datafield tag="090" ind1=" " ind2=" ">
    <subfield code="a">7269609</subfield>
    <subfield code="c">7269609</subfield>
  </datafield>
  <datafield tag="100" ind1=" " ind2=" ">
    <subfield code="a">20021216d1994    |||y0rusy50      ca</subfield>
  </datafield>
  <datafield tag="101" ind1="0" ind2=" ">
    <subfield code="a">rus</subfield>
  </datafield>
  <datafield tag="102" ind1=" " ind2=" ">
    <subfield code="a">RU</subfield>
  </datafield>
  <datafield tag="105" ind1=" " ind2=" ">
    <subfield code="a">a   |||||||||</subfield>
  </datafield>
  <datafield tag="200" ind1="0" ind2=" ">
    <subfield code="a">2</subfield>
    <subfield code="f">[&#x41F;&#x435;&#x440;. &#x415;. &#x411;&#x43B;&#x438;&#x43D;&#x43E;&#x432;&#x43E;&#x439;]</subfield>
  </datafield>
  <datafield tag="210" ind1=" " ind2=" ">
    <subfield code="d">1994</subfield>
    <subfield code="a">&#x411;. &#x43C;.</subfield>
  </datafield>
  <datafield tag="215" ind1=" " ind2=" ">
    <subfield code="a">[57] &#x441;.</subfield>
    <subfield code="c">&#x446;&#x432;. &#x438;&#x43B;.</subfield>
  </datafield>
  <datafield tag="300" ind1=" " ind2=" ">
    <subfield code="a">&#x41F;&#x435;&#x440;&#x435;&#x432;&#x43E;&#x434; &#x438;&#x437;&#x434;.: Tartarughe ninja-2 (Milano, 1991)</subfield>
  </datafield>
  <datafield tag="461" ind1=" " ind2="0">
    <subfield code="1">001rc\69477</subfield>
    <subfield code="1">2001#$a&#x41D;&#x435;&#x43E;&#x431;&#x44B;&#x43A;&#x43D;&#x43E;&#x432;&#x435;&#x43D;&#x43D;&#x44B;&#x435; &#x447;&#x435;&#x440;&#x435;&#x43F;&#x430;&#x448;&#x43A;&#x438;$e[&#x41F;&#x435;&#x440;&#x435;&#x432;&#x43E;&#x434;$e&#x414;&#x43B;&#x44F; &#x434;&#x435;&#x442;&#x435;&#x439;]$v2</subfield>
    <subfield code="9">7269604</subfield>
    <subfield code="c">&#x41C;.</subfield>
    <subfield code="d">1994-</subfield>
    <subfield code="n">&#x41C;&#x430;&#x445;&#x430;&#x43E;&#x43D;</subfield>
    <subfield code="o">[&#x41F;&#x435;&#x440;&#x435;&#x432;&#x43E;&#x434; : &#x414;&#x43B;&#x44F; &#x434;&#x435;&#x442;&#x435;&#x439;]</subfield>
    <subfield code="t">&#x41D;&#x435;&#x43E;&#x431;&#x44B;&#x43A;&#x43D;&#x43E;&#x432;&#x435;&#x43D;&#x43D;&#x44B;&#x435; &#x447;&#x435;&#x440;&#x435;&#x43F;&#x430;&#x448;&#x43A;&#x438;</subfield>
    <subfield code="v">2</subfield>
  </datafield>
  <datafield tag="801" ind1=" " ind2="0">
    <subfield code="a">RU</subfield>
    <subfield code="b">NLR</subfield>
    <subfield code="g">psbo</subfield>
  </datafield>
  <datafield tag="801" ind1=" " ind2="1">
    <subfield code="a">RU</subfield>
    <subfield code="b">ELAR</subfield>
    <subfield code="2">rusmarc</subfield>
  </datafield>
  <datafield tag="852" ind1=" " ind2=" ">
    <subfield code="a">NLR</subfield>
    <subfield code="j">94-9/22</subfield>
  </datafield>
  <datafield tag="942" ind1=" " ind2=" ">
    <subfield code="c">BOOK</subfield>
  </datafield>
  <datafield tag="980" ind1=" " ind2=" ">
    <subfield code="a">NB</subfield>
  </datafield>
  <datafield tag="995" ind1=" " ind2=" ">
    <subfield code="5">2013-10-26</subfield>
    <subfield code="b">NLR01</subfield>
    <subfield code="c">NLR01</subfield>
    <subfield code="e">RF8</subfield>
    <subfield code="f">5400428-10</subfield>
    <subfield code="k">94-9/22</subfield>
    <subfield code="o">0</subfield>
    <subfield code="r">BOOK</subfield>
    <subfield code="s">94922_</subfield>
  </datafield>
</record>
